CUET (UG) 2025 General Aptitude Test (GAT) (Record no. 213466)

MARC details
000 -LEADER
fixed length control field 00677nam a22001817a 4500
005 - DATE AND TIME OF LATEST TRANSACTION
control field 20250926112453.0
010 ## - LCCN (DPL NO)
LC control number ENG-146862
020 ## - INTERNATIONAL STANDARD BOOK NUMBER
International Standard Book Number 9789364689472
Terms of availability 449.00
035 ## - SYSTEM CONTROL NUMBER
System control number EN-130394
037 ## - SOURCE OF ACQUISITION
Source of stock number/acquisition DBAD
082 ## - DEWEY DECIMAL CLASSIFICATION NUMBER
Edition number 1
Classification number 000
245 ## - TITLE STATEMENT
Title CUET (UG) 2025 General Aptitude Test (GAT)
260 ## - PUBLICATION, DISTRIBUTION, ETC. (IMPRINT)
Place of publication, distribution, etc Uttar Pradesh
Name of publisher, distributor, etc S. Chand Publishing
Date of publication, distribution, etc 2025
270 ## - ADDRESS
Address D-92, Sector-2, Noida
City Uttar Pradesh
Postal code 201301
Telephone number 61-120-4682700
300 ## - PHYSICAL DESCRIPTION
Extent 375p.
Dimensions 27cm(pb)
500 ## - GENERAL NOTE
General note GK & Current Affairs | General Mental & Numerical Ability | 1000+ Practice Questions | CUET 2024 Papers | Mock Tests | Delhi University, JNU, BHU, Other Un
942 ## - ADDED ENTRY ELEMENTS (KOHA)
Source of classification or shelving scheme Dewey Decimal Classification
Item type English Books
Classification part 000
Call number suffix CUE
Holdings
Withdrawn status Lost status Not for loan Collection code Home library Current library Date acquired Source of acquisition Cost, normal purchase price Full call number Barcode Copy number Cost, replacement price Koha item type
      Non-fiction Central Library Central Library 26/09/2025 Delivery of Books Act Division 449.00 000 CUE EN-130394 1 449.00 English Books

© Delhi Public Library
Hit Counter
free hit counter